000 00459nam a22001577a 4500
005 20241216143321.0
008 241216b ||||| |||| 00| 0 eng d
040 _cAL
041 _aEnglish
082 _223
_a348.04
_bCHAA
100 _aTejinder Pal Singh Chawla
_9191131
245 _aAll India Criminal Law Reporter: Vol 111 2016(3)
260 _aChandigarh
_b All India Criminal Law Reporter
_c2016
650 _acriminal law
_9191132
942 _2ddc
_cBI
999 _c232954
_d232954